00322nam a2200121Ia 4500008004100000041000800041082001400049100001600063245004500079260003800124300003100162365000700193240624s9999 xx 000 0 und d aeng a004.6 LAM aLAMMLE TODD aCCDA CISCO CERTIFIED DESIGN ASSOCIATE ST c2003aNew DelhibBPB Publications axlv, : 622 : p. : cm. ; 26 cRS